| 000 | 00662nam a2200217 i 4500 | ||
|---|---|---|---|
| 001 | 28336 | ||
| 003 | ES-MaACL | ||
| 005 | 20240421063010.0 | ||
| 007 | t| | ||
| 008 | 030117s1986 sp ||||1| spa d | ||
| 020 | _a84-01-80987-8 | ||
| 100 | 0 |
_aBadosa, Enrique, _d1927-2021 _924566 |
|
| 245 | 1 | 0 |
_aCuadernos de barlovento, 1968-1985 / _cEnrique Badosa. |
| 250 | _a1ª ed. | ||
| 260 |
_aEsplugues de Llobregat : _bPlaza & Janés, _c1986. |
||
| 300 |
_a148 p. ; _c19 cm. |
||
| 490 | 1 | _aSelecciones de poesía española | |
| 830 | 0 |
_aSelecciones de Poesía Española _9181179 |
|
| 852 |
_aES-MaACL _jL-11172 _bR.111229 |
||
| 999 |
_c28336 _d28336 |
||